[Event "Stuttgart-chA int"]
[Site "Ditzingen"]
[Date "2006.05.27"]
[Round "5"]
[White "Zhou, Syang"]
[Black "Lessmann, Francis"]
[Result "0-1"]
[WhiteElo "1714"]
[BlackElo "2163"]
[PlyCount "42"]
[EventDate "2006.05.25"]
[EventType "swiss"]
[EventRounds "7"]
[EventCountry "GER"]
[SourceTitle "EXT 2018"]
[Source "ChessBase"]
[SourceDate "2017.10.13"]
[SourceVersion "1"]
[SourceVersionDate "2017.10.13"]
[SourceQuality "1"]

1. e4 c6 2. d4 d5 3. exd5 cxd5 4. c4 Nf6 5. Nc3 Nc6 6. Be3 e6 7. Nf3 Be7 8. c5 0-0 9. a3 Ng4 10. Bf4 e5 11. Nxe5 Ngxe5 12. Bxe5 Nxe5 13. dxe5 Bxc5 14. Qxd5 Qb6 15. Qd2 Re8 16. Na4 Rxe5+ 17. Be2 Bxf2+ 18. Kf1 Qf6 19. Bf3 Be3 20. Qc2 Bf5 21. Qb3 Be6 0-1